000 00531nam a2200217Ia 4500
003 OSt
005 20220928141858.0
006 a|||||r|||| 00| 0
007 ta
008 220927b |||||||| |||| 00| 0 eng d
024 _a18247
037 _cTextual
040 _aSDCL
_cSDCL
_beng
041 _2eng
_aeng
082 _aP15,Cx1,194,2, L2
100 _aBhatta Nagesa
245 0 _aJnapakasamgraha.
260 _c1972
942 _hP15,Cx1,194,2, L2
_cTEXL
_2CC
999 _c820506
_d820506